[Event "AUTO-INT-3956"]
[Site "http://www.queenalice.com/game.php?id=1867681"]
[Date "2026.1.7"]
[Round "1"]
[White "ajr"]
[Black "renet54"]
[Result "0-1"]
[WhiteElo "1610"]
[BlackElo "1638"]

1. d4 Nf6 2. c4 e6 3. a3 d5 4. c5 c6 5. h3 Nbd7 6. Bg5 Be7 7. Nc3 O-O 8. Nf3 h6
9. Bxf6 Nxf6 10. e3 b5 11. Ne5 Bb7 12. Bd3 Qc7 13. O-O a6 14. b4 Ne4 15. Bxe4
dxe4 16. Nxe4 f5 17. Ng3 Rad8 18. Ng6 Rf6 19. Ne5 Rd5 20. Qc2 Bd6 21. f4 Bxe5
22. fxe5 Rg6 23. Nh5 Qf7 24. g4 Qe7 25. Rf4 Qg5 26. Kg2 Qxh5 27. Kf3 fxg4+ 28.
Ke2 gxh3+ 29. Kd3 Qxe5 30. Kc3 Qxe3+ 31. Qd3 Qxf4 32. Qxg6 Qxd4+ 0-1

[Event "AUTO-INT-3956"]
[Site "http://www.queenalice.com/game.php?id=1867682"]
[Date "2026.1.7"]
[Round "1"]
[White "renet54"]
[Black "ajr"]
[Result "0-1"]
[WhiteElo "1653"]
[BlackElo "1595"]

1. d4 d5 2. Nf3 h6 3. Bf4 Nf6 4. e3 a6 5. c4 Bg4 6. Be2 Ne4 7. cxd5 g5 8. Be5 f6
9. Bxf6 exf6 10. O-O Qxd5 11. Re1 Bb4 12. Rf1 Nc6 13. h3 Be6 14. a3 Bd6 15. Nc3
Nxc3 16. bxc3 b5 17. Re1 h5 18. Rb1 Ke7 19. Qc2 Bf5 20. Bd3 Bxd3 21. Qxd3 Rhe8
22. e4 Qa2 23. e5 fxe5 24. dxe5 Bc5 25. Nxg5 Qg8 26. Rbd1 Rad8 27. Qf5 Rf8 28.
Qe4 Bxf2+ 29. Kh1 Rxd1 30. Qxc6 Rxe1+ 31. Kh2 Bb6 32. e6 Qxg5 33. Qd7+ Kf6 34.
Qc6 Qf4+ 0-1

[Event "AUTO-INT-3956"]
[Site "http://www.queenalice.com/game.php?id=1867695"]
[Date "2026.1.7"]
[Round "1"]
[White "tche_elvio"]
[Black "renet54"]
[Result "0-1"]
[WhiteElo "1619"]
[BlackElo "1632"]

1. e4 e5 2. g3 Bc5 3. c3 Nf6 4. Bg2 d6 5. d3 O-O 6. b4 Bb6 7. Nf3 Bg4 8. Nbd2
Nc6 9. O-O Qd7 10. Nc4 Rad8 11. Nxb6 cxb6 12. Bb2 Bh3 13. a4 Bxg2 14. Kxg2 Nh5
15. h4 Qe6 16. Ng5 Qg6 17. Kh3 h6 18. a5 hxg5 19. hxg5 Qxg5 20. Qg4 Qxg4+ 21.
Kg2 Nf4+ 0-1

[Event "AUTO-INT-3956"]
[Site "http://www.queenalice.com/game.php?id=1867696"]
[Date "2026.1.7"]
[Round "1"]
[White "renet54"]
[Black "tche_elvio"]
[Result "1/2-1/2"]
[WhiteElo "1634"]
[BlackElo "1626"]

1. d4 Nf6 2. Nf3 g6 3. Bf4 d6 4. e3 Bg7 5. Bc4 e6 6. O-O O-O 7. Nc3 a6 8. Qe2 d5
9. Bd3 b5 10. b4 Bb7 11. Bg5 Nbd7 12. a3 c6 13. Rfe1 Qc7 14. Rad1 h6 15. Bxf6
Nxf6 16. e4 Nxe4 17. Nxe4 dxe4 18. Bxe4 Rad8 19. c3 c5 20. Bxb7 Qxb7 21. dxc5
Bxc3 22. Rxd8 Rxd8 23. Rc1 Bf6 24. c6 Qc7 25. g3 Rd6 26. Qe3 Kg7 27. Nd2 Rxc6
28. Rxc6 Qxc6 29. Ne4 Bb2 30. Qf4 Qc1+ 31. Qxc1 Bxc1 32. Nc5 Bxa3 33. Nxa6 f5
34. f4 Kf6 35. Nc7 Bxb4 36. Kg2 Bd2 37. Nxb5 e5 38. fxe5+ Kxe5 39. Kf3 g5 40.
Ke2 Bb4 41. Ke3 f4+ 42. gxf4+ gxf4+ 43. Kf3 h5 44. h4 Bd2 45. Ke2 Be3 46. Nc3
Bc1 47. Kf3 Kf5 48. Ne2 Ba3 49. Nd4+ Ke5 50. Nc6+ Kf5 51. Nd4+ Ke5 52. Nc6+ Kf5
53. Nd4+ 1/2-1/2

[Event "AUTO-INT-3956"]
[Site "http://www.queenalice.com/game.php?id=1867703"]
[Date "2026.1.7"]
[Round "1"]
[White "Yanni"]
[Black "renet54"]
[Result "0-1"]
[WhiteElo "1494"]
[BlackElo "1647"]

1. e4 e5 2. Bc4 Nc6 3. Nf3 Nf6 4. d3 Bc5 5. h3 d6 6. Ng5 Be6 7. Bb5 O-O 8. g4 h6
9. Nxe6 fxe6 10. Rg1 Nxe4 11. dxe4 Bxf2+ 12. Kd2 Bxg1 13. Qxg1 Nd4 14. Bc4 Nf3+
15. Ke2 Nxg1+ 16. Ke1 Qh4+ 17. Kd1 Rf2 18. Be3 Rf1+ 19. Bxf1 Nf3 20. Nc3 Qe1#
0-1

[Event "AUTO-INT-3956"]
[Site "http://www.queenalice.com/game.php?id=1867704"]
[Date "2026.1.7"]
[Round "1"]
[White "renet54"]
[Black "Yanni"]
[Result "1-0"]
[WhiteElo "1657"]
[BlackElo "1484"]

1. d4 e6 2. c4 Bb4+ 3. Nc3 a6 4. Qc2 Nf6 5. e3 h6 6. Bd2 Nc6 7. Nf3 d6 8. O-O-O
Na5 9. d5 exd5 10. cxd5 Bf5 11. Bd3 g6 12. Bxf5 gxf5 13. Qxf5 Rg8 14. a3 Bc5 15.
Rhe1 Nc4 16. e4 Rxg2 17. Bxh6 Rxf2 18. Bg5 Rxf3 19. Qxf3 Ne5 20. Qxf6 Qd7 21.
Qh8# 1-0

[Event "AUTO-INT-3957"]
[Site "http://www.queenalice.com/game.php?id=1868114"]
[Date "2026.1.17"]
[Round "1"]
[White "Erlofabr"]
[Black "renet54"]
[Result "1-0"]
[WhiteElo "1706"]
[BlackElo "1635"]

1. f4 d5 2. d4 Nf6 3. c4 c6 4. Bd2 Bg4 5. Nc3 e6 6. h3 Bh5 7. g4 Bxg4 8. hxg4
Nxg4 9. e4 dxe4 10. d5 cxd5 11. Qxg4 d4 12. Nxe4 f5 13. Qg2 Qh4+ 14. Rxh4 fxe4
15. Qxe4 Nc6 16. Qxe6+ Be7 17. Bh3 Rd8 18. Rxh7 Rxh7 19. Qg8+ Bf8 20. Qxh7 d3
21. O-O-O 1-0

[Event "AUTO-INT-3957"]
[Site "http://www.queenalice.com/game.php?id=1868115"]
[Date "2026.1.17"]
[Round "1"]
[White "renet54"]
[Black "Erlofabr"]
[Result "1-0"]
[WhiteElo "1634"]
[BlackElo "1719"]

1. d4 e6 2. Bf4 f5 3. Nf3 h6 4. e3 Nf6 5. Nc3 Bb4 6. Ne5 Ne4 7. Qh5+ Ke7 8. Qf7+
Kd6 9. O-O-O g5 10. Nc4+ Kc6 11. d5+ Kc5 12. dxe6 Re8 13. Qxf5+ Kc6 14. Qxe4+ d5
15. Nxd5 Rxe6 16. Nxb4+ Kb5 17. Na3+ Ka5 18. Nc6+ Nxc6 19. Nc4+ Ka6 20. Ne5+ b5
21. Rxd8 gxf4 22. Bxb5+ Kxb5 23. a4+ Ka5 24. Rd5+ Ka6 25. Qc4+ 1-0

[Event "AUTO-INT-3957"]
[Site "http://www.queenalice.com/game.php?id=1868138"]
[Date "2026.1.17"]
[Round "1"]
[White "renet54"]
[Black "Carlos19"]
[Result "0-1"]
[WhiteElo "1649"]
[BlackElo "1727"]

1. d4 e6 2. Bf4 Nc6 3. Nf3 f6 4. e3 g5 5. Bg3 g4 6. Nfd2 h5 7. Nc3 f5 8. Bc4 h4
9. Bf4 a6 10. Qe2 d5 11. Bb3 b5 12. O-O h3 13. gxh3 gxh3 14. e4 dxe4 15. Ndxe4
Nxd4 16. Qd3 Nxb3 17. Qxd8+ Kxd8 18. Rad1+ Ke7 19. Bxc7 fxe4 20. axb3 Nf6 21.
Bd6+ Ke8 22. Be5 Rh6 23. Bc7 Bb7 24. Rd2 b4 25. Rfd1 Kf7 26. Kh1 e3+ 27. Kg1
exd2 28. Ne2 Rg6+ 29. Kf1 Bg2+ 0-1

[Event "AUTO-INT-3957"]
[Site "http://www.queenalice.com/game.php?id=1868139"]
[Date "2026.1.17"]
[Round "1"]
[White "Carlos19"]
[Black "renet54"]
[Result "1-0"]
[WhiteElo "1722"]
[BlackElo "1651"]

1. e4 e5 2. Nf3 Nf6 3. Bc4 Bc5 4. h3 O-O 5. a3 Nc6 6. Nc3 Qe7 7. d3 d6 8. Nd5
Nxd5 9. Bxd5 Nd4 10. Nxd4 Bxd4 11. O-O Bxh3 12. gxh3 Qh4 13. Qf3 Kh8 14. Qg3 Qf6
15. Bg5 Qg6 16. c3 Bc5 17. b4 Bb6 18. Bxb7 Rab8 19. Bd5 f6 20. Bh4 Qxg3+ 21.
Bxg3 g6 22. a4 f5 23. a5 f4 24. Bh2 f3 25. axb6 axb6 26. Ra7 Rbc8 27. d4 exd4
28. cxd4 h5 29. e5 dxe5 30. dxe5 h4 31. e6 Rf5 32. Be4 Rb5 33. Rxc7 Rxc7 34.
Bxc7 Rg5+ 35. Kh1 Rb5 36. Bxg6 Rxb4 37. e7 1-0

[Event "Challenge"]
[Site "http://www.queenalice.com/game.php?id=1868765"]
[Date "2026.2.2"]
[Round "-"]
[White "PRZ"]
[Black "renet54"]
[Result "0-1"]
[WhiteElo "1515"]
[BlackElo "1622"]

1. d4 Nf6 2. c4 e6 3. a3 Bd6 4. b4 O-O 5. d5 exd5 6. cxd5 b6 7. Bb2 Bb7 8. Nc3
Re8 9. Nb5 Bf8 10. Rc1 c6 11. dxc6 Nxc6 12. Nd6 Bxd6 13. Qxd6 Re6 14. Qg3 Qe7
15. Nf3 Re8 16. Rc2 Ba6 17. Kd1 Bxe2+ 18. Bxe2 Rxe2 19. Bxf6 Qxf6 20. Rxe2 Qa1+
21. Kd2 Qb2+ 0-1

[Event "AUTO-INT-3960"]
[Site "http://www.queenalice.com/game.php?id=1869206"]
[Date "2026.2.13"]
[Round "1"]
[White "Jsc"]
[Black "renet54"]
[Result "1/2-1/2"]
[WhiteElo "1818"]
[BlackElo "1651"]

1. e4 e5 2. Nf3 Nc6 3. d4 d6 4. d5 Nce7 5. c4 Nf6 6. Bd3 g6 7. Nc3 Bg7 8. Be3
O-O 9. b4 Bg4 10. h3 Bd7 11. O-O Qc8 12. Kh2 b6 13. a4 Bxh3 14. gxh3 h5 15. c5
bxc5 16. bxc5 dxc5 17. Bxc5 Nexd5 18. exd5 Re8 19. Re1 Nh7 20. Bb5 e4 21. Bxe8
exf3 22. Qxf3 Ng5 23. Qg3 Bf6 24. Bc6 Rb8 25. Rab1 Rxb1 26. Rxb1 Qf5 27. Rb8+
Kg7 28. Bf8+ Kh7 29. f4 Bxc3 30. fxg5 Be5 31. Rb3 Bxg3+ 32. Rxg3 Qf2+ 33. Rg2
Qf4+ 34. Rg3 Qf2+ 35. Rg2 Qf4+ 36. Rg3 Qf2+ 1/2-1/2

[Event "AUTO-INT-3960"]
[Site "http://www.queenalice.com/game.php?id=1869207"]
[Date "2026.2.13"]
[Round "1"]
[White "renet54"]
[Black "Jsc"]
[Result "0-1"]
[WhiteElo "1653"]
[BlackElo "1808"]

1. d4 d5 2. Bf4 c6 3. e3 Nf6 4. Nf3 Bg4 5. Nbd2 Nbd7 6. Be2 e6 7. a3 Be7 8. O-O
O-O 9. b4 b5 10. c3 Bxf3 11. Nxf3 a5 12. Qd3 h6 13. Bd1 axb4 14. Bc2 bxa3 15.
Rfd1 Qa5 16. Bxh6 gxh6 17. Ne5 Rfd8 18. Nxc6 Qb6 19. Nxe7+ Kg7 20. Nf5+ exf5 21.
Qxf5 Qa5 22. h4 Qxc3 23. g4 Kf8 24. Rac1 Qa5 25. g5 hxg5 26. hxg5 Ne4 27. g6 f6
28. Bxe4 dxe4 29. Qxe4 Kg7 30. Qf5 b4 31. Kg2 Qxf5 32. Rh1 Rh8 33. Rxh8 Rxh8 34.
Rc7 Qxg6+ 35. Kf1 Qf7 36. Ke2 a2 0-1

[Event "AUTO-INT-3961"]
[Site "http://www.queenalice.com/game.php?id=1869681"]
[Date "2026.2.24"]
[Round "1"]
[White "renet54"]
[Black "Ruusgugg"]
[Result "1-0"]
[WhiteElo "1629"]
[BlackElo "1519"]

1. d4 f5 2. Bf4 d6 3. e3 h6 4. Nf3 g5 5. Bg3 g4 6. Nh4 Nf6 7. Nc3 Nh5 8. Bc4
Nxg3 9. hxg3 e6 10. Qd3 d5 11. Ng6 Rh7 12. Nxf8 Kxf8 13. Bb3 Nc6 14. O-O-O Nb4
15. Qe2 a5 16. Ba4 b6 17. Rdf1 Ba6 18. Bb5 Bb7 19. f3 c6 20. fxg4 cxb5 21. gxf5
Rf7 22. fxe6 Rxf1+ 23. Rxf1+ Ke7 24. Qg4 Qd6 25. Nxb5 Qc6 26. Qg7+ Kd8 27. Rf8+
Qe8 28. Qc7# 1-0

[Event "AUTO-INT-3961"]
[Site "http://www.queenalice.com/game.php?id=1869682"]
[Date "2026.2.24"]
[Round "1"]
[White "Ruusgugg"]
[Black "renet54"]
[Result "0-1"]
[WhiteElo "1507"]
[BlackElo "1641"]

1. g4 d5 2. e3 e5 3. e4 dxe4 4. h4 Bc5 5. Qe2 Nf6 6. g5 Ng4 7. Qb5+ c6 8. Qxc5
Nd7 9. Qc3 O-O 10. Qc4 Kh8 11. Qxe4 Nc5 12. Qc4 Qd7 13. f3 Nf2 14. Kxf2 b6 15.
Bh3 f5 16. b4 Qe7 17. f4 exf4 18. bxc5 bxc5 19. Qxf4 Ba6 20. Bb2 Qe4 21. Qd6
Qxc2 22. Be5 f4 23. Qd7 Rg8 24. h5 Qe4 25. Nf3 Qe2+ 26. Kg1 Qxf3 27. h6 Qg3+ 28.
Bg2 Qe1+ 29. Bf1 Qxf1+ 30. Kh2 Qf2+ 31. Kh3 Qg3# 0-1

[Event "AUTO-INT-3961"]
[Site "http://www.queenalice.com/game.php?id=1869685"]
[Date "2026.2.24"]
[Round "1"]
[White "renet54"]
[Black "Erlofabr"]
[Result "0-1"]
[WhiteElo "1644"]
[BlackElo "1662"]

1. d4 Nf6 2. Bf4 d6 3. Nf3 Nc6 4. e3 e5 5. dxe5 Ne4 6. Bd3 dxe5 7. Bg3 Bb4+ 8.
c3 Nc5 9. O-O e4 10. cxb4 Nxd3 11. Qb3 Be6 12. Qa4 Nxb2 13. Qb5 Bc4 14. Qh5 g6
15. Qh6 Bxf1 16. Kxf1 Qd1+ 17. Ne1 Nd3 18. Qg7 Qxe1# 0-1